000 00605nam a22002177a 4500
003 OSt
005 20260421070559.0
008 260421b |||||||| |||| 00| 0 eng d
040 _aDWCL Main Lib.
_cOC
082 _22nd ed.
_a155.2 L629p 1999
100 _aLimpingco, Delia A.
245 _aPersonality/
_cDelia A. Limpingco
250 _a2nd ed.
260 _aQ.C.:
_bKen Incorporated
300 _a142 p. ;
_c22 cm.
500 _aIncludes glossary and bibliography.
650 _2Personality.
700 _aTria, Geraldine E.
760 _b2nd ed.
942 _2ddc
_cBK - FIL
_e2nd ed.
_hFil.
_n0
999 _c9586
_d9586